<?xml version="1.0" encoding="UTF-8"?>
<record
    xmlns:xsi="http://www.w3.org/2001/XMLSchema-instance"
    xsi:schemaLocation="http://www.loc.gov/MARC21/slim http://www.loc.gov/standards/marcxml/schema/MARC21slim.xsd"
    xmlns="http://www.loc.gov/MARC21/slim">

  <leader>01257nam a2200289 a 4500</leader>
  <controlfield tag="003">DO-SdBNP</controlfield>
  <controlfield tag="005">20240307073943.0</controlfield>
  <controlfield tag="007">ta</controlfield>
  <controlfield tag="008">150409s2022   dr     r     001 0 spa d d</controlfield>
  <datafield tag="020" ind1=" " ind2=" ">
    <subfield code="a">9789945927498</subfield>
  </datafield>
  <datafield tag="040" ind1=" " ind2=" ">
    <subfield code="a">DO-SdBNP</subfield>
    <subfield code="b">spa</subfield>
    <subfield code="c">BNPHU</subfield>
  </datafield>
  <datafield tag="082" ind1=" " ind2=" ">
    <subfield code="a">F-</subfield>
    <subfield code="b">I59g, 2019</subfield>
    <subfield code="2">22</subfield>
  </datafield>
  <datafield tag="100" ind1="1" ind2="0">
    <subfield code="a">Suriel Fern&#xE1;ndez, Jos&#xE9; Manuel</subfield>
    <subfield code="9">82501</subfield>
  </datafield>
  <datafield tag="110" ind1="2" ind2=" ">
    <subfield code="a">Instituto Tecnol&#xF3;gico de Santo Domingo</subfield>
    <subfield code="9">78911</subfield>
  </datafield>
  <datafield tag="245" ind1="0" ind2="0">
    <subfield code="a">Gu&#xED;a para el desarrollo del acompa&#xF1;amiento pedag&#xF3;gico :</subfield>
    <subfield code="b">de la maestr&#xED;a en evaluaci&#xF3;n educativa /</subfield>
    <subfield code="c">Jos&#xE9; Ram&#xF3;n Suriel Fern&#xE1;ndez, Ubaldina Medina D&#xED;az, Irene Machado Cruz</subfield>
  </datafield>
  <datafield tag="260" ind1=" " ind2=" ">
    <subfield code="a">Santo Domingo :</subfield>
    <subfield code="b">Instituto Tecnol&#xF3;gico de Santo Domingo,</subfield>
    <subfield code="c">2022.</subfield>
  </datafield>
  <datafield tag="300" ind1=" " ind2=" ">
    <subfield code="a">42 p. :</subfield>
    <subfield code="b">il. ;</subfield>
    <subfield code="c">29 cm.</subfield>
  </datafield>
  <datafield tag="505" ind1=" " ind2=" ">
    <subfield code="t">Introducci&#xF3;n 9 -- Fundamentaci&#xF3;n 11 -- Ruta procedimental para el desarrollo del acompa&#xF1;amiento pedag&#xF3;gico 15 -- Bibliograf&#xED;a 29 -- Anexos 31.</subfield>
  </datafield>
  <datafield tag="590" ind1=" " ind2=" ">
    <subfield code="a">Inventariado, 2022 / DG</subfield>
  </datafield>
  <datafield tag="650" ind1=" " ind2="4">
    <subfield code="a">Innovaciones educativas</subfield>
    <subfield code="9">77314</subfield>
    <subfield code="z">Rep&#xFA;blica Dominicana</subfield>
  </datafield>
  <datafield tag="650" ind1=" " ind2="4">
    <subfield code="a">Educaci&#xF3;n superior</subfield>
    <subfield code="9">77315</subfield>
    <subfield code="z">Rep&#xFA;blica Dominicana</subfield>
  </datafield>
  <datafield tag="700" ind1=" " ind2=" ">
    <subfield code="a">Medina D&#xED;az, Ubaldina</subfield>
    <subfield code="e">autor</subfield>
    <subfield code="9">82502</subfield>
  </datafield>
  <datafield tag="700" ind1=" " ind2=" ">
    <subfield code="a">Machado Cruz, Irene</subfield>
    <subfield code="e">autor</subfield>
    <subfield code="9">82503</subfield>
  </datafield>
  <datafield tag="710" ind1="2" ind2=" ">
    <subfield code="a">Instituto Tecnol&#xF3;gico de Santo Domingo</subfield>
    <subfield code="9">78911</subfield>
  </datafield>
  <datafield tag="910" ind1=" " ind2=" ">
    <subfield code="a">DG</subfield>
  </datafield>
  <datafield tag="942" ind1=" " ind2=" ">
    <subfield code="2">ddc</subfield>
    <subfield code="c">LF2</subfield>
  </datafield>
  <datafield tag="952" ind1=" " ind2=" ">
    <subfield code="0">0</subfield>
    <subfield code="1">0</subfield>
    <subfield code="2">ddc</subfield>
    <subfield code="5">1</subfield>
    <subfield code="7">0</subfield>
    <subfield code="8">DS-F</subfield>
    <subfield code="a">BNPHU</subfield>
    <subfield code="b">BNPHU</subfield>
    <subfield code="c">CT</subfield>
    <subfield code="d">2022-10-07</subfield>
    <subfield code="l">0</subfield>
    <subfield code="o">BNPHU PD F- I59g, 2019</subfield>
    <subfield code="p">2022-4275</subfield>
    <subfield code="r">2022-10-07</subfield>
    <subfield code="w">2022-10-07</subfield>
    <subfield code="y">LF2</subfield>
  </datafield>
  <datafield tag="952" ind1=" " ind2=" ">
    <subfield code="0">0</subfield>
    <subfield code="1">0</subfield>
    <subfield code="2">ddc</subfield>
    <subfield code="5">1</subfield>
    <subfield code="7">0</subfield>
    <subfield code="8">PD-F</subfield>
    <subfield code="a">BNPHU</subfield>
    <subfield code="b">BNPHU</subfield>
    <subfield code="c">CT</subfield>
    <subfield code="d">2022-10-07</subfield>
    <subfield code="l">0</subfield>
    <subfield code="o">BNPHU PD F- I59g, 2019</subfield>
    <subfield code="p">2022-4276</subfield>
    <subfield code="r">2022-10-07</subfield>
    <subfield code="t">e.2</subfield>
    <subfield code="w">2022-10-07</subfield>
    <subfield code="y">LF2</subfield>
  </datafield>
  <datafield tag="952" ind1=" " ind2=" ">
    <subfield code="0">0</subfield>
    <subfield code="1">0</subfield>
    <subfield code="2">ddc</subfield>
    <subfield code="5">6</subfield>
    <subfield code="7">0</subfield>
    <subfield code="8">DS-F</subfield>
    <subfield code="a">BNPHU</subfield>
    <subfield code="b">BNPHU</subfield>
    <subfield code="c">CT</subfield>
    <subfield code="d">2022-10-07</subfield>
    <subfield code="l">0</subfield>
    <subfield code="o">BNPHU DS F- I59g, 2019</subfield>
    <subfield code="p">2022-4277</subfield>
    <subfield code="r">2022-10-07</subfield>
    <subfield code="t">e.3</subfield>
    <subfield code="w">2022-10-07</subfield>
    <subfield code="y">LF2</subfield>
  </datafield>
  <datafield tag="952" ind1=" " ind2=" ">
    <subfield code="0">0</subfield>
    <subfield code="1">0</subfield>
    <subfield code="2">ddc</subfield>
    <subfield code="5">6</subfield>
    <subfield code="7">0</subfield>
    <subfield code="8">DS-F</subfield>
    <subfield code="a">BNPHU</subfield>
    <subfield code="b">BNPHU</subfield>
    <subfield code="c">CT</subfield>
    <subfield code="d">2022-10-07</subfield>
    <subfield code="l">0</subfield>
    <subfield code="o">BNPHU DS F- I59g, 2019</subfield>
    <subfield code="p">2022-4278</subfield>
    <subfield code="r">2022-10-07</subfield>
    <subfield code="t">e.4</subfield>
    <subfield code="w">2022-10-07</subfield>
    <subfield code="y">LF2</subfield>
  </datafield>
  <datafield tag="952" ind1=" " ind2=" ">
    <subfield code="0">0</subfield>
    <subfield code="1">0</subfield>
    <subfield code="2">ddc</subfield>
    <subfield code="5">6</subfield>
    <subfield code="7">0</subfield>
    <subfield code="8">DS-F</subfield>
    <subfield code="a">BNPHU</subfield>
    <subfield code="b">BNPHU</subfield>
    <subfield code="c">CT</subfield>
    <subfield code="d">2022-10-07</subfield>
    <subfield code="l">0</subfield>
    <subfield code="o">BNPHU DS F- I59g, 2019</subfield>
    <subfield code="p">2022-4279</subfield>
    <subfield code="r">2022-10-07</subfield>
    <subfield code="t">e.5</subfield>
    <subfield code="w">2022-10-07</subfield>
    <subfield code="y">LF2</subfield>
  </datafield>
  <datafield tag="999" ind1=" " ind2=" ">
    <subfield code="c">52534</subfield>
    <subfield code="d">52534</subfield>
  </datafield>
</record>
